Logistické centrá: diaľnica už nie je rozhodujúca

Presun logistických projektov na stredné a východné Slovensko. Snaha developérov "osviežiť" fádne projekty implementáciou jednoduchých architektonických spestrení. Lokality, ktoré dovoľujú rozvoj alebo redevelopment existujúcich nehnuteľností a ich investičný potenciál.

Guardado en:
Detalles Bibliográficos
Autor principal: Novotný, Tomáš
Formato: Capítulo de libro
Lenguaje:eslovaco
Materias:
Etiquetas: Agregar Etiqueta
Sin Etiquetas, Sea el primero en etiquetar este registro!

MARC

LEADER 00000naa a2200000 4500
001 0246443
005 20180717110739.4
041 0 |a slo 
044 |a SK 
245 1 0 |a Logistické centrá: diaľnica už nie je rozhodujúca  |c Tomáš Novotný 
520 |a Presun logistických projektov na stredné a východné Slovensko. Snaha developérov "osviežiť" fádne projekty implementáciou jednoduchých architektonických spestrení. Lokality, ktoré dovoľujú rozvoj alebo redevelopment existujúcich nehnuteľností a ich investičný potenciál. 
610 2 0 |a logistika 
610 2 0 |a centrá logistické 
610 2 0 |a Slovensko 
610 2 0 |a nehnuteľnosti 
610 2 0 |a projekty investičné 
100 1 |a Novotný, Tomáš